Al: Its nature and future
Salvato in:
| Autore principale: | |
|---|---|
| Natura: | Libro |
| Lingua: | inglese |
| Pubblicazione: |
New York
Oxford University Press
2016
|
| Soggetti: | |
| Tags: |
Nessun Tag, puoi essere il primo ad aggiungerne!!
|
MARC
| LEADER | 00000nam a2200000 4500 | ||
|---|---|---|---|
| 001 | 0238269 | ||
| 005 | 20230109072519.8 | ||
| 020 | |a 978-0-19-877798-4 | ||
| 041 | 0 | |a eng | |
| 044 | |a US | ||
| 245 | 1 | 0 | |a Al: Its nature and future |c Margaret A. Boden |
| 264 | 1 | |a New York |b Oxford University Press |c 2016 | |
| 300 | |a 198 s. | ||
| 610 | 2 | 0 | |a inteligencia umelá |
| 610 | 2 | 0 | |a pokrok vedeckotechnický |
| 610 | 2 | 0 | |a technológie nové |
| 610 | 2 | 0 | |a roboty |
| 610 | 2 | 0 | |a internet |
| 610 | 2 | 0 | |a psychológia |
| 610 | 2 | 0 | |a siete neurónové |
| 610 | 2 | 0 | |a filozofia |
| 610 | 2 | 0 | |a jazykoveda |
| 610 | 2 | 0 | |a kreativita |
| 610 | 2 | 0 | |a emócie |
| 610 | 2 | 0 | |a biológia |
| 100 | 1 | |a Boden, Margaret A. | |